000 01158nam a2200217Ia 4500
999 _c40196
_d40196
001 6803
003 GE_BSU
005 20190628162734.0
008 181216s1982|||| |||||||||||||| ||geo||
041 _ageo
080 _a621.01+006+681+620 მ-80
100 _aმორბედაძე, მ.
_93066
245 _aურთიერთშეცვლადობა, სტანდარტიზაცია და ტექნიკური გაზომვები : ნაწ.I.
_bდამხმ. სახელმძღ. /
_cმ. მორბედაძე ; კ. ნუცუბიძე ; რ. ბოკერია ; რედ : მ.ძიძიგური.
264 _aთბილისი :
_bსპი,
_c1982.
300 _a107 გვ .:
_c20 სმ.
653 _aურთიერთშეცვლადობა, სტანდარტიზაცია და ტექნიკური გაზომვები
700 _aნუცუბიძე, კ.
_93067
700 _aბოკერია, რ
_93068
700 _aძიძიგური, მ
_eრედაქტორი
_9472
942 _cBK
_2udc